000 00598nam a2200205Ia 4500
999 _c637
_d637
001 10894590
003 OCoLC
005 20180821155925.0
008 840628s1904 nyu 000 0 eng d
040 _aEXN
_cEXN
082 _a248.3
_bG662Q
090 _aBV210
_b.G65 1904
100 1 _aGordon, S. D.
_q(Samuel Dickey),
_d1859-1936
245 1 0 _aQuiet talks on prayer /
_cby S.D. Gordon
260 _aNew York :
_bGrosset & Dunlap,
_cc1904
300 _a234 p. ;
_c20 cm
500 _aPart of the collection donated by Ruth E. Gilley, first library consultant.
650 0 _aPrayer
942 _2ddc
_cBK